000 00427nam a2200157Ia 4500
008 240729s9999 xx 000 0 und d
022 _a2408-7408
245 0 _aJournal of Clinical Sciences
260 _aIndia
260 _bWolters Kluwer Medknow Publications
650 _a Medicine (General)
650 _aMedicine
856 _uhttps://doaj.org/toc/d4ffbe8178a34c6b93ce98ba03f9329c
942 _2ddc
942 _cDOAJEJ
999 _c69731
_d69731
945 _a1
_bMadushi Gamage
_c1
_dMadushi Gamage